000 00612nam a2200193Ia 4500
008 151121s9999||||xx |||||||||||||| ||und||
082 _a811/कुबडे
082 _bHNW-70355
100 _aकुबडे दीपमाला
245 _aस्वप्नगंधा
260 _b"नीलकंठ प्रकाशन, पुणे।"
260 _c--
300 _a60
600 _aकुबडे दीपमाला
630 _aस्वप्नगंधा
700 _aकुबडे दीपमाला
730 _aस्वप्नगंधा
942 _cBOOK
999 _c1251830
_d1251827